Statistics for U.S. Presidential Trivia Quiz #2

Click here to take the quiz!

General Stats

  • This quiz has been taken 16,394 times
  • The average score is 13 of 26

Answer Stats

Clue President % Correct
First presidentGeorge Washington
100%
Only Hawaiian-born presidentBarack Obama
90%
Was a Hollywood actorRonald Reagan
89%
Longest term (12 years)Franklin Roosevelt
89%
Marilyn Monroe sang
"happy birthday" to him
John F. Kennedy
88%
WWII generalDwight Eisenhower
84%
Namesake of a famous damHerbert Hoover
75%
Was once a peanut farmerJimmy Carter
72%
Lived at MonticelloThomas Jefferson
66%
Had an affinity for McDonald'sBill Clinton
58%
Only Federalist presidentJohn Adams
54%
Played football at MichiganGerald R. Ford
53%
Shortest term (31 days)William Henry
Harrison
53%
Served as director of the CIAGeorge H.W. Bush
51%
Last to wear a powdered wigJames Monroe
39%
His middle name was
merely an initial
Harry S. Truman
37%
Made Thanksgiving an official holidayAbraham Lincoln
37%
Native Dutch speakerMartin Van Buren
34%
Youngest (42 years)Theodore Roosevelt
33%
Shortest (5'4")James Madison
31%
Served on the Supreme CourtWilliam Taft
30%
Only president with a MBA degreeGeorge W. Bush
27%
Earned highest % of popular voteLyndon Johnson
14%
On the $500 billWilliam McKinley
11%
The first "dark horse" candidateJames K. Polk
10%
Discovered a proof to the
Pythagorean theorem
James Garfield
7%

Score Distribution

Percentile by Number Answered

Percent of People with Each Score

Your Score History

You have not taken this quiz